000 00350nam a2200145 i 4500
001 bg
100 1 _aDOMAGALSKI, Sławomir
245 0 _aElektroniczne maszyny kalkulacyjne /
_cSławomir Domagalski.
260 _aWarszawa,
_c1968.
040 _cBPK
041 _apol
080 _a681.31
942 _cKS
008 s pl f |000 0 pol
999 _c7507
_d7507
856 _uhttp://koha.tu.koszalin.pl/cgi-bin/koha/opac-detail.pl?biblionumber=7507
_yKatalog online BPK